000 005660000a22001810004500
090 _aAR
_b02681
245 1 0 _aTrachyodontium, a new genus of the Pottiaceae (Musci) from Ecuador
650 1 4 _aBotánica
_9361
650 1 4 _aTaxonomía vegetal
_992262
650 1 4 _aNuevas especies
_992905
650 1 4 _aMorfología vegetal
_918295
651 4 _pEcuador
_992749
653 _fPottiaceae
_gTrachyodontium
_eTrachyodontium zanderi
041 0 _aInglés
100 1 _aCampbell Steere, William
_996142
942 _cARTICULO
773 1 _tBryologist
_3222
_h1
_q17-19
_d1986
_g89
999 _c11744
_d11744